Missing Word: The Simpsons Episodes (A-Z) Quiz Stats

Quiz Updated Apr 21, 2016

Challenge
Share
Tweet
Embed
Score 0/26 Timer 04:00
0 Plays Today
Episode Missing Word % Correct
A Fish _______ SelmaCalled
97%
Homer ____ to CollegeGoes
96.8%
A Streetcar _____ MargeNamed
96%
_____ & Scratchy & MargeItchy
94.5%
You ____ Move TwiceOnly
93.3%
When ___ Dish Upon a StarYou
92.8%
Homer's Barbershop _______Quartet
90.8%
Who Shot Mr. _____?'Burns
84.9%
Treehouse of ______Horror
80.1%
Bart Gets a _Z
78.8%
Homer vs. _____ and SelmaPatty
72.6%
____ the Tree HuggerLisa
72.3%
Much ___ About NothingApu
65.8%
Episode Missing Word % Correct
______ Gets BustedKrusty
65.6%
Flaming ____Moe's
58.4%
22 Short Films About ___________Springfield
54.3%
Simpson and _______Delilah
52.5%
Trash of the ______Titans
49.1%
Bart Gets an ________Elephant
48.2%
Days of ____ and D'oh'sesWine
45.7%
The ___ of SectJoy
45.5%
When ________ FailedFlanders
36.9%
___________ ManRadioactive
30.7%
Springfield __Up
29.8%
____ Ned FlandersViva
29.1%
American History _-_______X-cellent
7.3%

Today's Daily Dose

You're not logged in!

Compare scores with friends on all Sporcle quizzes.
Sign Up with Email
OR
Log In

You Might Also Like...

Show Comments

Extras

Top Quizzes Today


Score Distribution

Your Account Isn't Verified!

In order to create a playlist on Sporcle, you need to verify the email address you used during registration. Go to your Sporcle Settings to finish the process.